Geology and mineral resources of the Hennepin and La Salle quadrangles, (Record no. 25992)
[ view plain ]
| 000 -LEADER | |
|---|---|
| fixed length control field | 00918cam a22002411 4500 |
| 001 - CONTROL NUMBER | |
| control field | gs 20000106 |
| 003 - CONTROL NUMBER IDENTIFIER | |
| control field | DLC |
| 005 - DATE AND TIME OF LATEST TRANSACTION | |
| control field | 20260227111324.0 |
| 008 - FIXED-LENGTH DATA ELEMENTS--GENERAL INFORMATION | |
| fixed length control field | 750404s1919 xx 000 0 eng |
| 010 ## - LIBRARY OF CONGRESS CONTROL NUMBER | |
| LC control number | gs 20000106 |
| 035 ## - SYSTEM CONTROL NUMBER | |
| System control number | (OCoLC)1252546 |
| 040 ## - CATALOGING SOURCE | |
| Original cataloging agency | DLC |
| Transcribing agency | OTU |
| Modifying agency | OCoLC |
| -- | DLC |
| 042 ## - AUTHENTICATION CODE | |
| Authentication code | premarc |
| 050 00 - LIBRARY OF CONGRESS CALL NUMBER | |
| Classification number | QE105 |
| Item number | .A16 no. 37 |
| 100 1# - MAIN ENTRY--PERSONAL NAME | |
| Personal name | Cady, Gilbert H. |
| Fuller form of name | (Gilbert Haven), |
| Dates associated with a name | 1882- |
| 245 10 - TITLE STATEMENT | |
| Title | Geology and mineral resources of the Hennepin and La Salle quadrangles, |
| Statement of responsibility, etc. | by Gilbert H. Cady ... work in cooperation with the U. S. Geological survey. Printed by authority of the state of Illinois. |
| 260 ## - PUBLICATION, DISTRIBUTION, ETC. | |
| Place of publication, distribution, etc. | Urbana, Ill., |
| Date of publication, distribution, etc. | 1919. |
| 300 ## - PHYSICAL DESCRIPTION | |
| Extent | 136 p. |
| Other physical details | illus., vi fold., maps (2 in pocket) diagrs. |
| Dimensions | 26 cm. |
| 410 10 - SERIES STATEMENT/ADDED ENTRY--CORPORATE NAME [OBSOLETE, CAN/MARC], [LOCAL, USA] | |
| Corporate name or jurisdiction name as entry element | Illinois. State geological survey. Bulletin |
| Volume number/sequential designation | no. 37 |
| 650 #0 - SUBJECT ADDED ENTRY--TOPICAL TERM | |
| Topical term or geographic name entry element | Geology |
| Geographic subdivision | Illinois. |
| 650 #0 - SUBJECT ADDED ENTRY--TOPICAL TERM | |
| Topical term or geographic name entry element | Mines and mineral resources |
| Geographic subdivision | Illinois. |
| 710 2# - ADDED ENTRY--CORPORATE NAME | |
| Corporate name or jurisdiction name as entry element | Geological Survey (U.S.) |
No items available.